Evaluación de políticas publicas, evolución del impacto del fondo colombiano de modernización y desarrollo tecnológico de las micro, pequeñas y medianas empresas : (Registro nro. 12343)
[ vista simple ]
| 000 -LEADER | |
|---|---|
| fixed length control field | 01950nam a2200253Ia 4500 |
| 003 - CONTROL NUMBER IDENTIFIER | |
| control field | OSt |
| 005 - DATE AND TIME OF LATEST TRANSACTION | |
| control field | 20210902164042.0 |
| 008 - FIXED-LENGTH DATA ELEMENTS--GENERAL INFORMATION | |
| fixed length control field | 210310s2008 ck ad gr 000 0 spa d |
| 020 ## - INTERNATIONAL STANDARD BOOK NUMBER | |
| International Standard Book Number | 9789588340333 |
| 040 ## - CATALOGING SOURCE | |
| Original cataloging agency | CO-JMCR |
| Transcribing agency | CO-JMCR |
| 041 0# - LANGUAGE CODE | |
| Language code of text/sound track or separate title | spa |
| 082 04 - DEWEY DECIMAL CLASSIFICATION NUMBER | |
| Classification number | 338.642 / |
| Item number | D266e |
| Edition number | 23 |
| 110 2# - MAIN ENTRY--CORPORATE NAME | |
| Corporate name or jurisdiction name as entry element | Departamento Nacional de Planeación |
| 9 (RLIN) | 1612 |
| 245 10 - TITLE STATEMENT | |
| Title | Evaluación de políticas publicas, evolución del impacto del fondo colombiano de modernización y desarrollo tecnológico de las micro, pequeñas y medianas empresas : |
| Remainder of title | FOMIPYME / |
| Statement of responsibility, etc. | Departamento Nacional de Planeación |
| 260 ## - PUBLICATION, DISTRIBUTION, ETC. | |
| Place of publication, distribution, etc. | Bogotá : |
| Name of publisher, distributor, etc. | DNP, |
| Date of publication, distribution, etc. | 2008. |
| 300 ## - PHYSICAL DESCRIPTION | |
| Extent | 91 páginas : |
| Other physical details | ilustraciones y gráficas en blanco y negro ; |
| Dimensions | 29 cm. |
| 490 0# - SERIES STATEMENT | |
| Series statement | Evaluación de políticas públicas ; |
| Volume/sequential designation | 8 |
| 505 0# - FORMATTED CONTENTS NOTE | |
| Formatted contents note | Enfoque y metodología de evaluación. -- Perfil de los beneficiarios, no beneficiarios y los operadores. -- Intervenciones recibidas por las empresas. -- Resultados de la medición de impacto. -- Recomendaciones y conclusiones. |
| 520 0# - SUMMARY, ETC. | |
| Summary, etc. | Sinergia es el Sistema Nacional de Evaluación de Resultados de la Gestión Pública, a través del cual el Gobierno Central, en cabeza del Departamento Nacional de Planeación, lleva a cabo la evaluación y seguimiento de los resultados e impacto de sus principales políticas, programas y proyectos de inversión. Este sistema aporta un conjunto de instrumentos de gerencia con los cuales busca: i) lograr una asignación más eficiente y transparente de los recursos públicos; ii) mejorar la eficacia de las políticas, programas e instituciones del Estado; iii) propiciar una cultura de la gestión orientada a los resultados; y iv) establecer un marco adecuado de rendición de cuentas que active el control social de la ciudadanía. |
| 650 14 - SUBJECT ADDED ENTRY--TOPICAL TERM | |
| Topical term or geographic name entry element | Microempresas |
| General subdivision | Desarrollo |
| 9 (RLIN) | 39935 |
| 650 24 - SUBJECT ADDED ENTRY--TOPICAL TERM | |
| Topical term or geographic name entry element | Medianas empresas |
| General subdivision | Desarrollo |
| 9 (RLIN) | 39936 |
| 650 24 - SUBJECT ADDED ENTRY--TOPICAL TERM | |
| Topical term or geographic name entry element | Evaluación del impacto |
| General subdivision | Microempresas |
| 9 (RLIN) | 39937 |
| 942 ## - ADDED ENTRY ELEMENTS (KOHA) | |
| Source of classification or shelving scheme | Dewey Decimal Classification |
| Koha item type | Books |
| Withdrawn status | Lost status | Source of classification or shelving scheme | Damaged status | Not for loan | Home library | Current library | Shelving location | Date acquired | Source of acquisition | Total Checkouts | Full call number | Barcode | Date last seen | Date last checked out | Copy number | Price effective from | Koha item type |
|---|---|---|---|---|---|---|---|---|---|---|---|---|---|---|---|---|---|
| Dewey Decimal Classification | Biblioteca Pública José María del Castillo y Rada | Biblioteca Pública José María del Castillo y Rada | General Stacks | 04/15/2018 | Donación | 1 | 338.642 / D266e | 430005860 | 06/16/2025 | 06/13/2025 | Ej.1 | 03/10/2021 | Books | ||||
| Dewey Decimal Classification | Biblioteca Pública José María del Castillo y Rada | Biblioteca Pública José María del Castillo y Rada | General Stacks | 04/15/2018 | Donación | 338.642 / D266e | 430005859 | 05/16/2024 | Ej.2 | 03/10/2021 | Books |